|
|
|
|
| LEADER |
01240ncm a2200337 a 4500 |
| 001 |
000067286 |
| 003 |
CZ BrMZK |
| 005 |
20031029144658.0 |
| 008 |
010907s1966 xr f cze d |
| 040 |
|
|
|a BOA001
|b cze
|
| 080 |
|
|
|a 785.72:787.61
|2 MRF
|
| 080 |
|
|
|a 787.61:785.72
|2 MRF
|
| 245 |
0 |
0 |
|a Mistři baroka :
|b 2 kytary
|h [hudebnina]
|
| 246 |
3 |
3 |
|a Sarabanda
|
| 246 |
3 |
3 |
|a <<Les >>tambourins
|
| 246 |
3 |
3 |
|a Air
|
| 246 |
3 |
3 |
|a Fuga
|
| 246 |
3 |
3 |
|a Musette
|
| 260 |
|
|
|a Praha :
|b Bärenreiter Editio Supraphon,
|c 1966
|
| 300 |
|
|
|a 1 partitura (10 s.) ;
|c 31 cm
|
| 490 |
1 |
|
|a Kytarová sóla ;
|v 21
|
| 500 |
|
|
|a Obsahuje: Corelli: Sarabanda, Pachelbel: Fuga, Couperin: Les tambourins, Daquin: Musette, Händel: Air
|
| 700 |
1 |
|
|a Daquin, Louis-Claude,
|d 1694-1772
|7 xx0010931
|4 cmp
|
| 700 |
1 |
|
|a Händel, Georg Friedrich,
|d 1685-1759
|7 jn19990003280
|4 cmp
|
| 700 |
1 |
|
|a Pachelbel, Johann,
|d 1653-1706
|7 jn19990006331
|4 cmp
|
| 700 |
1 |
|
|a Corelli, Arcangelo,
|d 1653-1713
|7 jn19990001496
|4 cmp
|
| 700 |
1 |
|
|a Couperin, François,
|d 1668-1733
|7 jn20000601212
|4 cmp
|
| 830 |
|
0 |
|a Kytarová sóla
|
| 910 |
|
|
|a BOA001
|b Mus4-1020.162
|
| 990 |
|
|
|a MU
|
| 996 |
6 |
|
|b 2610035921
|c Mus4-1020.162
|l MZK
|r Sklad / do 1 hodiny
|n 8
|p p.v.
|w 000067286
|u 000010
|a 1
|e BOA001
|j MZK50
|s P
|